MARC

LEADER 00000nam0a2200000 4500
001 269615
005 20231101234254.0
035 |a (RuTPU)RU\TPU\book\292792 
090 |a 269615 
100 |a 20140919d1986 k y0rusy50 ca 
101 0 |a rus 
102 |a RU 
105 |a a z 001zy 
200 1 |a Поздний докембрий и ранний палеозой Сибири. Сибирская платформа и внешняя зона Алтае-Саянской складчатой области  |e сборник научных трудов  |f Академия наук СССР (АН СССР), Сибирское отделение (СО), Институт геологии и геофизики (ИГиГ) ; под ред. В. В. Хоментовского 
210 |a Новосибирск  |c Изд-во ИГИГ  |d 1986 
215 |a 178 с.  |c ил. 
320 |a Библиогр. в конце ст. 
606 1 |a Докембрий  |y Сибирь  |2 stltpush  |3 (RuTPU)RU\TPU\subj\72684  |9 86093 
606 1 |a Палеозойские отложения  |y Сибирь  |2 stltpush  |3 (RuTPU)RU\TPU\subj\72084  |9 85671 
610 1 |a геология 
610 1 |a Сибирская платформа 
610 1 |a Алтае-Саянская складчатая область 
610 1 |a стратиграфия 
610 1 |a пестроцветные свиты 
610 1 |a опорные разрезы 
610 1 |a рифей 
610 1 |a офиолитовый магматизм 
610 1 |a Монголия 
610 1 |a верхний протерозой 
610 1 |a научные труды 
675 |a 553.71/72(571.1/.5)  |v 3 
675 |a 553.73(571.1/.5)  |v 3 
702 1 |a Хоментовский  |b В. В.  |4 340 
712 0 2 |a Академия наук СССР (АН СССР)  |b Сибирское отделение (СО)  |b Институт геологии и геофизики (ИГиГ)  |c (Новосибирск)  |2 stltpush  |3 (RuTPU)RU\TPU\col\128 
801 1 |a RU  |b 63413507  |c 20140919 
801 2 |a RU  |b 63413507  |c 20160311  |g RCR 
942 |c BK